| 000 | 01096nam a2200241 a 4500 | ||
|---|---|---|---|
| 001 | 093943 | ||
| 003 | BD-ChCU | ||
| 005 | 20251203085852.0 | ||
| 008 | 2011s2016 aii b 002 ben | ||
| 020 | _a৯৭৮ ৯৩ ৮০০৩৬ ২৭ ৪ | ||
| 040 |
_aDLC _cDLC _dBD-ChCU |
||
| 082 | 0 | 0 | _a৩২৭/বন্দ্যো৩আ |
| 100 | 1 | _aবন্দ্যোপাধ্যায়, গৌরীশংকর | |
| 245 | 0 | 0 |
_aআধুনিক বিশ্ব ও আন্তর্জাতিক সম্পর্ক ১৯১৯-১৯৪৫ / _c _cগৌরীশংকর বন্দ্যোপাধ্যায় |
| 246 | 0 | 0 | _aAdhunik bishaw o antorjatik somporko 1919-1945 |
| 250 | _aসং | ||
| 260 |
_aকলকাতা : _cমিত্রম্ _c২০১১ |
||
| 300 | _a৩৩৯পৃ: | ||
| 504 | _aIncludes index and bibliograpy and glossary(P334-339). | ||
| 650 | 0 |
_aআন্তর্জাতিক সম্পর্ক _cআন্তর্জাতিক সম্পর্ক |
|
| 650 | _aAntorjatik somporko | ||
| 942 |
_2ddc _cBK |
||
| 999 |
_c93943 _d93943 |
||